Tiền Giang trong tiến trình hội nhập vùng kinh tế trọng điểm phía Nam /
Đã lưu trong:
| 主要作者: | |
|---|---|
| 格式: | Bài viết |
| 语言: | Vietnamese |
| 主题: | |
| 标签: |
添加标签
没有标签, 成为第一个标记此记录!
|
| Thư viện lưu trữ: | Thư viện Trường Đại học Đà Lạt |
|---|
| LEADER | 00794nam a2200277 4500 | ||
|---|---|---|---|
| 001 | DLU060056946 | ||
| 040 | # | # | |a DLU |b vie |
| 041 | # | # | |a vie |
| 044 | # | # | |a vn |
| 100 | # | # | |a Nguyễn Hữu Chí. |
| 245 | # | # | |a Tiền Giang trong tiến trình hội nhập vùng kinh tế trọng điểm phía Nam / |c Nguyễn Hữu Chí. |
| 653 | # | # | |a Tiền Giang |
| 653 | # | # | |a Vùng kinh tế trọng điểm |
| 773 | # | # | |t Khoa học xã hội |g Số 7, 2006, tr. 20-22 |
| 920 | # | # | |a Phòng Tạp chí -- Trung tâm Thông tin - Thư viện Trường Đại học Đà Lạt |
| 933 | # | # | |a LS |
| 933 | # | # | |a NL |
| 994 | # | # | |a DLU |
| 900 | # | # | |a True |
| 911 | # | # | |a Nguyễn Thị Minh Cầm |
| 925 | # | # | |a G |
| 926 | # | # | |a A |
| 927 | # | # | |a BB |
| 980 | # | # | |a Thư viện Trường Đại học Đà Lạt |